Word Ladder: British/American Quiz Stats

 Plays Quiz Updated May 1, 2015

Challenge
Share
Tweet
Embed
Score 0/44 Timer 05:00
6 Plays Today
Hint 4-Letter Word % Correct
Sack an employeeFIRE
94.6%
$ Automobile wheel $$ TIRE $
92.2%
Ice cream ____ or traffic ____CONE
91%
$ Edge between street and sidewalk $$ CURB $
90.6%
Facebook approvalLIKE
89.8%
Payment for public transportFARE
89.7%
Head parasitesLICE
88.3%
Flower symboliz(/s)ing love and beautyROSE
86.5%
Musician Oldfield or boxer TysonMIKE
86.3%
Heal, fixCURE
85.8%
£ Intermediate colo(u)r between black and white ££ GREY £
85.5%
Spoiled childBRAT
85.4%
$ Intermediate colo(u)r between black and white $$ GRAY $
85.3%
Gain elevationRISE
85.2%
Nearly allMOST
85.2%
Price or valueCOST
84.5%
Concern, heedCARE
84.1%
Donkey's cryBRAY
82%
Small water droplets suspended in airMIST
81.4%
To mail a letterPOST
79.5%
Titicaca, Eyre or VictoriaLAKE
79.2%
StealTAKE
78.4%
Hint 4-Letter Word % Correct
Part of speechVERB
78%
Steady periodic soundTONE
76.5%
Most excellentBEST
76.4%
To pretend or fakePOSE
75.8%
£ Automobile wheel ££ TYRE £
75.7%
French for greenVERT
75.6%
____-en-scène: stage expressionMISE
75.5%
Animal that serves as food for othersPREY
75.4%
WaistcoatVEST
73.9%
Periodic variations in volumeBEAT
71.5%
£ Two-jawed workbench tool ££ VICE £
70.1%
Chaucer, Coleridge or PetrarcaPOET
69.7%
River in Newcastle (UK)TYNE
68.6%
____-à-porter: French for 'ready-to-wear'PRÊT
68.3%
$ Two-jawed workbench tool $$ VISE $
68.2%
£ Snug, comfortable ££ COSY £
67.6%
$ Bank to confine water $$ DIKE $
62.7%
$ Snug, comfortable $$ COZY $
61.8%
£ Bank to confine water ££ DYKE £
57.7%
ChatCOZE
56.6%
MongrelTYKE
55%
£ Edge between street and sidewalk ££ KERB £
50.8%

Today's Daily Dose

You're not logged in!

Compare scores with friends on all Sporcle quizzes.
Join for Free
OR
Log In

You Might Also Like...

Show Comments

Extras

Top Quizzes Today


Score Distribution

Your Account Isn't Verified!

In order to create a playlist on Sporcle, you need to verify the email address you used during registration. Go to your Sporcle Settings to finish the process.

Report this User

Report this user for behavior that violates our Community Guidelines.

Details: